CNV Comunicación No Verbal: cómo la inteligencia se expresa a través de los gestos

Saved in:
Bibliografiske detaljer
Main Authors: Rulicki, Sergio (Author), Cherny, Martín (Author)
Format: Bog
Sprog:spansk
Udgivet: Buenos Aires Granica 2007
Udgivelse:1a. ed
Fag:
Tags: Tilføj Tag
Ingen Tags, Vær først til at tagge denne postø!

MARC

LEADER 00000nam a2200000 a 4500
001 UCI2519
003 CL-VaPUC
008 070824e20070000AG |||||||||||||||||spa|d
020 |a 9789506414979 
082 0 4 |a 302.222  |b RUL  |2 21 
100 0 |a Rulicki, Sergio  |e author  |9 523523 
700 0 |a Cherny, Martín  |e author  |9 523524 
245 1 0 |a CNV Comunicación No Verbal: cómo la inteligencia se expresa a través de los gestos 
250 |a 1a. ed 
300 |a 189 p 
942 |c BK 
945 |d 20070824 00:00:00  |a jtorresc 
260 |a Buenos Aires  |b Granica  |c 2007 
650 0 |a Comunicación no verbal  |9 270761 
650 0 |a Proceso de comunicación   |9 332060 
650 0 |a Comunicación   |9 257251 
650 0 |a Sistemas de comunicación   |9 260934 
650 7 |a GESTOS  |2 CL-VaPUC  |9 523525 
583 |a last modification  |c 20070824 00:00:00  |k Rodrigo Vera 
999 |c 327033  |d 327031 
952 |0 0  |1 0  |4 0  |6 302_222000000000000_RUL_2007  |7 0  |8 A  |9 409408  |a BIBENE  |b BIBENE  |d 2019-11-22  |i 4367014  |l 1  |m 1  |o 302.222 RUL 2007  |p 4367014  |q 2025-04-16  |r 2025-01-31  |s 2025-01-31  |w 2019-11-22  |y BK  |k ICO